[Event "44th World Open"]
[Site "Philadelphia, PA"]
[Date "2016.07.01"]
[Round "3"]
[White "Kretchetov, Alexandre"]
[Black "Paciorkowski, Lev"]
[Result "1/2-1/2"]
[WhiteElo "2246"]
[BlackElo "2062"]
[PlyCount "68"]
[EventDate "2016.07.??"]
[EventType "swiss"]
[EventRounds "9"]
[EventCountry "USA"]

1. d4 Nf6 2. c4 e6 3. Nc3 Bb4 4. f3 c5 5. d5 O-O 6. e4 exd5 7. cxd5 Nh5 8. Nh3
d6 9. Nf2 f5 10. exf5 Re8+ 11. Be2 Qf6 12. Nfe4 Rxe4 13. fxe4 Qh4+ 14. Kf1 Ng3+
15. hxg3 Qxh1+ 16. Kf2 Qxd1 17. Bxd1 Bxc3 18. bxc3 Nd7 19. Bf4 Ne5 20. Be2 Bd7
21. a4 Nf7 22. a5 Re8 23. Rb1 Bc8 24. Kf3 g6 25. g4 g5 26. Bg3 Kg7 27. Ke3 Kf6
28. Rh1 h6 29. Kd3 Kg7 30. c4 Bd7 31. Rb1 Bc8 32. Be1 Ne5+ 33. Ke3 Kf6 34. Bc3
Rh8 1/2-1/2

[Event "44th World Open"]
[Site "Philadelphia, PA"]
[Date "2016.07.03"]
[Round "6"]
[White "Sevian, Samuel"]
[Black "Liang, Awonder"]
[Result "1/2-1/2"]
[WhiteElo "2603"]
[BlackElo "2408"]
[PlyCount "111"]
[EventDate "2016.07.??"]
[EventType "swiss"]
[EventRounds "9"]
[EventCountry "USA"]

1. e4 e5 2. Nf3 Nc6 3. Bc4 Bc5 4. b4 Bxb4 5. c3 Ba5 6. d4 d6 7. Qb3 Qd7 8. dxe5
Bb6 9. Nbd2 dxe5 10. Bb5 f6 11. Nc4 Qf7 12. Ba3 Nge7 13. Qa4 O-O 14. Nxb6 cxb6
15. Nd2 Be6 16. O-O Rfd8 17. Rfd1 a6 18. Be2 b5 19. Qc2 Rac8 20. Qb2 Ng6 21. g3
Na5 22. h4 Nf8 23. Bb4 Nc4 24. Nxc4 Bxc4 25. Bg4 Be6 26. Rxd8 Rxd8 27. Bf3 Qc7
28. a4 bxa4 29. Rxa4 Qc6 30. Ra1 Bc4 31. Be7 Rd7 32. Ba3 Qb5 33. Bb4 Qc6 34.
Ba3 Qb5 35. Bb4 Ne6 36. Qc2 b6 37. Bg4 a5 38. Ba3 Kf7 39. Rd1 Qc6 40. Rd2 b5
41. Kh2 Qc7 42. Qd1 Rxd2 43. Bxe6+ Ke8 44. Qxd2 Bxe6 45. Qd6 Qxd6 46. Bxd6 Kd7
47. Ba3 Bb3 48. Kg2 Bc2 49. Kf3 f5 50. exf5 Bxf5 51. Bf8 g6 52. Ke3 Ke6 53. Kd2
Kd5 54. Kc1 Kc4 55. Kb2 Kd3 56. Bc5 1/2-1/2

[Event "44th World Open"]
[Site "Philadelphia, PA"]
[Date "2016.07.04"]
[Round "9"]
[White "Nyzhnyk, Illia"]
[Black "Suarez, Isan"]
[Result "1-0"]
[WhiteElo "2622"]
[BlackElo "2578"]
[PlyCount "69"]
[EventDate "2016.07.??"]
[EventType "swiss"]
[EventRounds "9"]
[EventCountry "USA"]

1. d4 Nf6 2. c4 e6 3. Nc3 Bb4 4. Qc2 c5 5. dxc5 O-O 6. Nf3 Bxc5 7. Bg5 h6 8.
Bh4 Be7 9. e3 b6 10. Be2 Bb7 11. Rd1 Na6 12. O-O Nc5 13. Rd4 Nh5 14. Bxe7 Qxe7
15. b4 Na6 16. a3 Nf6 17. Rfd1 Nc7 18. Ne5 d6 19. Rxd6 Ncd5 20. Nb5 Rfc8 21.
Qb2 a6 22. cxd5 Bxd5 23. Rxb6 axb5 24. Bxb5 Rc7 25. f3 Rac8 26. Ba6 Rc2 27. Qd4
Nd7 28. Nxd7 Bxf3 29. gxf3 Qg5+ 30. Qg4 Qxe3+ 31. Kh1 f5 32. Qg3 Rc1 33. Rbd6
R8c6 34. Nf6+ Kf7 35. Rd7+ 1-0

[Event "44th World Open Armageddon Playoff"]
[Site "Philadelphia, PA"]
[Date "2016.07.04"]
[Round "10.1"]
[White "Papp, Gabor"]
[Black "Bologan, Victor"]
[Result "1-0"]
[WhiteElo "2596"]
[BlackElo "2654"]
[PlyCount "81"]
[EventDate "2016.07.??"]
[EventType "game (blitz)"]
[EventRounds "9"]
[EventCountry "USA"]
[WhiteClock "0:01:49"]
[BlackClock "0:00:46"]

1. e4 c5 2. Nf3 d6 3. d4 cxd4 4. Nxd4 Nf6 5. Nc3 a6 6. Bg5 Nbd7 7. Bc4 Qb6 8.
Bb3 e6 9. Qd2 Be7 10. O-O-O Nc5 11. f3 Bd7 12. Kb1 Qc7 13. g4 b5 14. h4 b4 15.
Nce2 a5 16. Ng3 a4 17. Bc4 b3 18. cxb3 axb3 19. a3 Ncxe4 20. Nxe4 Qxc4 21. Bxf6
gxf6 22. Qf4 Qd5 23. Nf5 Qe5 24. Nexd6+ Bxd6 25. Nxd6+ Ke7 26. Nf5+ Ke8 27. Qb4
exf5 28. Rhe1 fxg4 29. Rxe5+ fxe5 30. fxg4 Be6 31. Qb5+ Ke7 32. Qc5+ Ke8 33.
Qc6+ Ke7 34. Qd6+ Ke8 35. Qxe5 Rg8 36. g5 Rc8 37. Qb5+ Kf8 38. Qb4+ Kg7 39.
Qd4+ Kf8 40. Qf6 Ke8 41. h5 1-0